Hồ Chí Minh - Biên niên tiểu sử T.8

Hồ Chí Minh - Biên niên tiểu sử, tập 8 ghi lại những hoạt động vô cùng phong phú của chủ tịch Hồ Chí Minh trong 3 năm (1961-1963),...

Сохранить в:
Библиографические подробности
Главный автор: Đặng, Xuân Kỳ
Формат:
Язык:Undetermined
Опубликовано: Hà Nội Chính trị Quốc gia 2008
Предметы:
Метки: Добавить метку
Нет меток, Требуется 1-ая метка записи!
Thư viện lưu trữ: Trung tâm Học liệu Trường Đại học Cần Thơ
LEADER 00902nam a2200217Ia 4500
001 CTU_142263
008 210402s9999 xx 000 0 und d
020 |c 70000 
082 |a 959.704092 
082 |b K600/T.8 
100 |a Đặng, Xuân Kỳ 
245 0 |a Hồ Chí Minh - Biên niên tiểu sử T.8 
245 0 |c Đặng Xuân Kỳ (Tổng chủ biên), Song Thành; ....[[et al.] 
260 |a Hà Nội 
260 |b Chính trị Quốc gia 
260 |c 2008 
520 |a Hồ Chí Minh - Biên niên tiểu sử, tập 8 ghi lại những hoạt động vô cùng phong phú của chủ tịch Hồ Chí Minh trong 3 năm (1961-1963),... 
650 |a Communists,Presidents,Chủ tịch Hồ Chí Minh 
650 |z Vietnam,Vietnam (Democratic Republic) 
904 |i Năm 
980 |a Trung tâm Học liệu Trường Đại học Cần Thơ